01453nam a2200325Ia 450000500170000000800410001702000180005808200180007610000330009424501400012725000370026730000250030449000340032950501680036353400180053165000390054965000240058865000330061265000340064570000470067970000480072674001700077494200120094426400330095633600270098933700330101633800280104904000350107799900150111220220317001536.0161108s2007 a g 000 0 s  a978950123973704a150.195bM34p1 aMiller, Jacques-Alaind1944-14aLas psicosisb1955-1956ctexto establecido por Jacques-Alain Miller ; traducción de Juan Luis Delmont-Mairu y Diana Silvia Rabinovich a1a. edición, 23a reimpresión a460 páginasc23 cm aEl Seminario de Jacques Lacan aIntroducción a la cuestión de la psicosis -- Temática y estructura del fenómeno psicótico -- El significante y el significado -- Los entornos del agujero tLes psychoses142LEMBaPsicoanálisisvFundamentos142LEMBaInconsciencia142LEMBaPsicología evolutiva142LEMBaConducta (Psicología)1 aDelmont-Mauri, Juan Luisetraductor9754071 aRabinovich, Diana Silviaetraductora975382 aIntroducción a la cuestión de las psicosis \\ Temática y estructura del fenómeno psicótico \\ Del significante y el significado \\ Los entornos del agujero 2ddccBK aBuenos AiresbPaidósc2007 atextobtxt2rdacontent asin mediaciónbn2rdamedia avolumenbnc2rdacarrier aCO-BoRNBPbspaerdacCO-BoRNBP c7302d7302